00360cam a22000977a 4500008004000000082001100040245010400051260005000155300001100205700004600216180718b1956 xxu||||| |||| 00| 0 eng d aX63x42 aDesign and layout of roads in built- up areas: reportcby Minister of War Transport, United Kingdom aLondonbHer Majesty's Stationery Officec1956 a100+p. aUnited Kingdom. Minister of War Transport